Normal view
MARC view
Entry Personal Name
001 - CONTROL NUMBER
- control field: 45541
003 - CONTROL NUMBER IDENTIFIER
- control field: OSt
005 - DATE AND TIME OF LATEST TRANSACTION
- control field: 20160312163054.0
008 - FIXED-LENGTH DATA ELEMENTS
- fixed length control field: 160312|| aca||aabn | a|a d
040 ## - CATALOGING SOURCE
- Original cataloging agency: OSt
- Transcribing agency: OSt
100 ## - HEADING--PERSONAL NAME
- Personal name: मृदुला गर्ग
670 ## - SOURCE DATA FOUND
- Source citation: Work cat.: (OSt)26694: मृदुला गर्ग , अनित्य









